عرض عادي
عرض مارك
- الحديث
مدخل مصطلح موضوعي
001 - رقم الضبط
- حقل الضبط: 96745
003 - معرف رقم الضبط
- حقل الضبط: OSt
005 - تاريخ ووقت أخر عملية
- حقل الضبط: 20220809142846.0
008 - عناصر بيانات ثابتة الطول
- حقل تحكم ثابت الطول: 220809|| aca||aabn | a|a d
040 ## - مصدر الفهرسة
- هيئة الفهرسة الأصلية: OSt
- وكالة الكتابة: OSt
150 ## - مدخل-- مصطلح تاريخي
- عنصر مدخل المصطلح الموضوعي او الاسم الجغرافي: الحديث
670 ## - بيانات المصدر موجوده
- الاستشهاد بالمصدر: Work cat.: (OSt)81370: الطبراني، سليمان بن أحمد بن أيوب، 260-360 هـ. 5155, مسند الشاميين /
